Govt. of
Madhya Pradesh

The Poem In The Ear (Record no. 744)

MARC details
000 -LEADER
fixed length control field 004760000a22001930004500
001 - CONTROL NUMBER
control field 000746
003 - CONTROL NUMBER IDENTIFIER
control field MACL
005 - DATE AND TIME OF LATEST TRANSACTION
control field 20150916125708.0
008 - FIXED-LENGTH DATA ELEMENTS--GENERAL INFORMATION
fixed length control field 150916b xxu||||| |||| 00| 0 eng d
040 ## - CATALOGING SOURCE
Original cataloging agency MACL
Transcribing agency MACL
041 ## - LANGUAGE CODE
Language code of text/sound track or separate title English
082 ## - DEWEY DECIMAL CLASSIFICATION NUMBER
Classification number 821/SEN
100 ## - MAIN ENTRY--PERSONAL NAME
Personal name Sengupta, Swarajbrata
9 (RLIN) 5920
245 ## - TITLE STATEMENT
Title The Poem In The Ear
Statement of responsibility, etc. Swarajbrata Sengupta
260 ## - PUBLICATION, DISTRIBUTION, ETC. (IMPRINT)
Place of publication, distribution, etc. Calcutta
Date of publication, distribution, etc. 1998
Name of publisher, distributor, etc. Gobal Enterprise,
350 ## - PRICE (NR) (BK AM CF MU VM SE) [OBSOLETE]
Price 125
650 ## - SUBJECT ADDED ENTRY--TOPICAL TERM
Topical term or geographic name as entry element Poetry
9 (RLIN) 11565
942 ## - ADDED ENTRY ELEMENTS (KOHA)
Call number prefix 821
Koha item type Books
Source of classification or shelving scheme
Holdings
Withdrawn status Lost status Source of classification or shelving scheme Damaged status Not for loan Home library Current library Date acquired Cost, normal purchase price Total Checkouts Full call number Barcode Date last seen Uniform Resource Identifier Price effective from Koha item type
          MACL MACL 15/04/2015 125.00   821/SEN CRE011788 02/05/2024 745 15/04/2015 Books